Democracia limitada y poder militar /
Guardado en:
| Hovedforfatter: | |
|---|---|
| Format: | Texto |
| Tags: |
Tilføj Tag
Ingen Tags, Vær først til at tagge denne postø!
|
MARC
| LEADER | 00000 a a2200000 04500 | ||
|---|---|---|---|
| 001 | 10952 | ||
| 003 | |||
| 040 | |||
| 100 | |a Pérez, José Lorenzo | ||
| 245 | |a Democracia limitada y poder militar / |c José Lorenzo Pérez | ||
| 773 | |g número 47; páginas 5-13 | ||
| 999 | |c 37282 |d 37282 | ||
